| 000 | 00413nam a2200145Ia 4500 | ||
|---|---|---|---|
| 008 | 151021s9999 xx 000 0 und d | ||
| 020 | _a821414844 | ||
| 050 | _aDT433.577.M36 2003 | ||
| 245 | _a_Mau Mau and nationhood Arms,Authority& narration Atieno Adhiambo | ||
| 260 | _aNairobi EAEP 2003 | ||
| 300 | _axiv,306p. | ||
| 500 | _aIncludes index | ||
| 650 | _a_Mau Mau | ||
| 980 | _a^d20110304 03:22:48^oanne | ||
| 999 |
_c6733 _d6733 |
||